<?xml version="1.0" encoding="UTF-8"?>
<record
    xmlns:xsi="http://www.w3.org/2001/XMLSchema-instance"
    xsi:schemaLocation="http://www.loc.gov/MARC21/slim http://www.loc.gov/standards/marcxml/schema/MARC21slim.xsd"
    xmlns="http://www.loc.gov/MARC21/slim">

  <leader>00339nam a2200145Ia 4500</leader>
  <controlfield tag="008">150201s2009    xx            000 0 und d</controlfield>
  <datafield tag="082" ind1=" " ind2=" ">
    <subfield code="a">610.73678</subfield>
    <subfield code="b">M09F</subfield>
  </datafield>
  <datafield tag="100" ind1=" " ind2=" ">
    <subfield code="a">FRASER, DIANE M.</subfield>
  </datafield>
  <datafield tag="245" ind1=" " ind2=" ">
    <subfield code="a">MYLES TB. FOR MIDWIVES</subfield>
  </datafield>
  <datafield tag="250" ind1=" " ind2=" ">
    <subfield code="a">15TH</subfield>
  </datafield>
  <datafield tag="260" ind1=" " ind2=" ">
    <subfield code="b">ELSEVIER</subfield>
    <subfield code="a">INDIA</subfield>
    <subfield code="c">2009</subfield>
  </datafield>
  <datafield tag="300" ind1=" " ind2=" ">
    <subfield code="a">1122</subfield>
  </datafield>
  <datafield tag="650" ind1=" " ind2=" ">
    <subfield code="a">MIDWIVES</subfield>
  </datafield>
  <datafield tag="942" ind1=" " ind2=" ">
    <subfield code="2">ddc</subfield>
    <subfield code="c">BK</subfield>
  </datafield>
  <datafield tag="952" ind1=" " ind2=" ">
    <subfield code="0">0</subfield>
    <subfield code="1">0</subfield>
    <subfield code="2">ddc</subfield>
    <subfield code="4">0</subfield>
    <subfield code="7">0</subfield>
    <subfield code="8">NURSING</subfield>
    <subfield code="a">FM</subfield>
    <subfield code="b">FM</subfield>
    <subfield code="c">REF</subfield>
    <subfield code="d">2014-12-04</subfield>
    <subfield code="e">ABC DELHI</subfield>
    <subfield code="g">11.49</subfield>
    <subfield code="i">SGTU</subfield>
    <subfield code="l">5</subfield>
    <subfield code="o">610.73678 M09F</subfield>
    <subfield code="p">FN1504</subfield>
    <subfield code="r">2020-02-14 00:00:00</subfield>
    <subfield code="s">2020-02-07</subfield>
    <subfield code="w">2014-12-04</subfield>
    <subfield code="y">BK</subfield>
    <subfield code="k">4559</subfield>
  </datafield>
  <datafield tag="952" ind1=" " ind2=" ">
    <subfield code="0">0</subfield>
    <subfield code="1">0</subfield>
    <subfield code="2">ddc</subfield>
    <subfield code="4">0</subfield>
    <subfield code="7">0</subfield>
    <subfield code="8">NURSING</subfield>
    <subfield code="a">FM</subfield>
    <subfield code="b">FM</subfield>
    <subfield code="c">REF</subfield>
    <subfield code="d">2014-12-04</subfield>
    <subfield code="e">ABC DELHI</subfield>
    <subfield code="g">11.49</subfield>
    <subfield code="i">SGTU</subfield>
    <subfield code="l">4</subfield>
    <subfield code="o">610.73678 M09F</subfield>
    <subfield code="p">FN1505</subfield>
    <subfield code="r">2020-12-29 00:00:00</subfield>
    <subfield code="s">2020-12-22</subfield>
    <subfield code="w">2014-12-04</subfield>
    <subfield code="y">BK</subfield>
    <subfield code="k">4559</subfield>
  </datafield>
  <datafield tag="952" ind1=" " ind2=" ">
    <subfield code="0">0</subfield>
    <subfield code="1">0</subfield>
    <subfield code="2">ddc</subfield>
    <subfield code="4">0</subfield>
    <subfield code="7">0</subfield>
    <subfield code="8">NURSING</subfield>
    <subfield code="a">FM</subfield>
    <subfield code="b">FM</subfield>
    <subfield code="c">REF</subfield>
    <subfield code="d">2014-12-04</subfield>
    <subfield code="e">ABC DELHI</subfield>
    <subfield code="g">11.49</subfield>
    <subfield code="i">SGTU</subfield>
    <subfield code="l">2</subfield>
    <subfield code="o">610.73678 M09F</subfield>
    <subfield code="p">FN1506</subfield>
    <subfield code="r">2020-01-07 00:00:00</subfield>
    <subfield code="s">2019-12-12</subfield>
    <subfield code="w">2014-12-04</subfield>
    <subfield code="y">BK</subfield>
    <subfield code="k">4559</subfield>
  </datafield>
  <datafield tag="999" ind1=" " ind2=" ">
    <subfield code="c">2195</subfield>
    <subfield code="d">2195</subfield>
  </datafield>
</record>
